Paul the preacher. (Record no. 5179)

000 -LEADER
fixed length control field 00535nam a2200181 a 4500
001 - CONTROL NUMBER
control field :::00002920$&:&@@
003 - CONTROL NUMBER IDENTIFIER
control field OkBaRHE
005 - DATE AND TIME OF LATEST TRANSACTION
control field 20000607103258.0
008 - FIXED-LENGTH DATA ELEMENTS--GENERAL INFORMATION
fixed length control field s1916 j 000 0 eng u
040 ## - CATALOGING SOURCE
Transcribing agency
100 1# - MAIN ENTRY--PERSONAL NAME
Personal name Rosser, John L.
245 10 - TITLE STATEMENT
Title Paul the preacher.
260 ## - PUBLICATION, DISTRIBUTION, ETC. (IMPRINT)
Place of publication, distribution, etc New York, NY., :
Name of publisher, distributor, etc American Tract Society
Date of publication, distribution, etc c1916
300 ## - PHYSICAL DESCRIPTION
Extent 106 p. ;
Dimensions 20 cm.
650 ## - SUBJECT ADDED ENTRY--TOPICAL TERM
Topical term or geographic name as entry element Paul, Saint, apostle
942 ## - ADDED ENTRY ELEMENTS (KOHA)
Source of classification or shelving scheme
Koha item type Books
Copies
Shelving location Source of classification or shelving scheme Date acquired Barcode Lost status Full call number Copy number Date last seen Koha item type Not for loan Damaged status Withdrawn status Price effective from Permanent Location
General Stacks 2010-04-142920 BS 2505 .R577212018-03-16Books   2010-04-14RHEMA Bible Training College